Statistics for New Orleans Saints Roster - 2021-2022 NFL Season

Click here to take the quiz!

General Stats

  • This quiz has been taken 233 times
  • The average score is 18 of 38

Answer Stats

HintAnswer% Correct
RBAlvin Kamara
99%
QBJameis Winston
98%
QBTaysom Hill
93%
WRMichael Thomas
92%
DECam Jordan
79%
CBMarshon Lattimore
77%
MLBDemario Davis
73%
WRTre'quan Smith
70%
KWil Lutz
70%
CB/SChauncey Gardner-Johnson
68%
TEJuwan Johnson
68%
WRMarquez Callaway
65%
SMarcus Williams
54%
OTTerron Armstead
54%
TEAdam Trautman
53%
RBLatavius Murray
48%
OGCesar Ruiz
46%
WRDeonte Harris
46%
OTRyan Ramczyk
46%
RBTony Jones Jr.
46%
DEMarcus Davenport
44%
CEric Mccoy
41%
OGAndrus Peat
40%
SMalcom Jenkins
37%
CBPaulson Adebo
31%
DTDavid Onyemata
28%
OLBPete Werner
28%
DEPayton Turner
24%
OLBKwon Alexander
23%
PBlake Gillikin
21%
OTJames Hurst
18%
OLBZach Baun
18%
FBAlex Armah
16%
OGWill Clapp
16%
DTMalcom Roach
14%
DECarl Granderson
12%
CBKen Crawley
7%
SBrian Poole
6%

Score Distribution

Percentile by Number Answered

Percent of People with Each Score

Your Score History

You have not taken this quiz